Normal view
MARC view
- الباعلوي، كعب بن أحمد زكي بن عبد الله المسلي
Entry Personal Name
001 - CONTROL NUMBER
- control field: 40858
003 - CONTROL NUMBER IDENTIFIER
- control field: JO-AjAnu
005 - DATE AND TIME OF LATEST TRANSACTION
- control field: 20230606080803.0
008 - FIXED-LENGTH DATA ELEMENTS
- fixed length control field: 230606|| aca||aabn | a|a d
040 ## - CATALOGING SOURCE
- Original cataloging agency: JO-AjAnu
- Transcribing agency: JO-AjAnu
100 ## - HEADING--PERSONAL NAME
- Personal name: الباعلوي، كعب بن أحمد زكي بن عبد الله المسلي
670 ## - SOURCE DATA FOUND
- Source citation: Work cat.: (JO-AjAnu)20941: الباعلوي، كعب بن أحمد زكي بن عبد الله المسلي, author, هداية الأحبة في بيان علم أهل التصوف أولي العرفان والمحبة